Lights on life-problems / (Record no. 64136)

MARC details
000 -LEADER
fixed length control field 00560nam a22001697a 4500
005 - DATE AND TIME OF LATEST TRANSACTION
control field 20120319125525.0
020 ## - INTERNATIONAL STANDARD BOOK NUMBER
International Standard Book Number 8170580587
Terms of availability 75.00
035 ## - SYSTEM CONTROL NUMBER
System control number B-88671
037 ## - SOURCE OF ACQUISITION
Stock number DPL
Source of stock number/acquisition ENG
100 ## - MAIN ENTRY--PERSONAL NAME
Personal name Gandhi, Kishor
245 ## - TITLE STATEMENT
Title Lights on life-problems /
Statement of responsibility, etc by Kishor Gandhi
250 ## - EDITION STATEMENT
Edition statement rprn. 2004
260 ## - PUBLICATION, DISTRIBUTION, ETC. (IMPRINT)
Place of publication, distribution, etc Pondicherry
Name of publisher, distributor, etc Sri Aurobindo Ashram
300 ## - PHYSICAL DESCRIPTION
Extent 200p.
Dimensions 20 cms.
942 ## - ADDED ENTRY ELEMENTS (KOHA)
Source of classification or shelving scheme Dewey Decimal Classification
Item type English Books
Classification part 181.499
Call number suffix GAN
Holdings
Withdrawn status Lost status Not for loan Collection code Home library Current library Date acquired Cost, normal purchase price Full call number Barcode Cost, replacement price Koha item type
      Non-fiction Sarojini Nagar Sarojini Nagar 19/03/2012 75.00 181.499 GAN B-88671 75.00 English Books

© Delhi Public Library
Hit Counter
free hit counter